Contemporary engineering economics (Record no. 2014)

000 -LEADER
fixed length control field 00571nam a22002054a 4500
001 - CONTROL NUMBER
control field 2014
003 - CONTROL NUMBER IDENTIFIER
control field BD-DhUET
008 - FIXED-LENGTH DATA ELEMENTS--GENERAL INFORMATION
fixed length control field 160220b xxu||||| |||| 00| 0 eng d
020 ## - INTERNATIONAL STANDARD BOOK NUMBER
International Standard Book Number 0130893102
040 ## - CATALOGING SOURCE
Original cataloging agency DLC
Transcribing agency DLC
Modifying agency BD-DhUET
Language of cataloging 0
082 00 - DEWEY DECIMAL CLASSIFICATION NUMBER
Classification number 658.15
Item number PAR/2002
100 1# - MAIN ENTRY--PERSONAL NAME
Personal name Park, Chan S.
245 10 - TITLE STATEMENT
Title Contemporary engineering economics
Statement of responsibility, etc. by Chan S. Park
250 ## - EDITION STATEMENT
Edition statement 3rd ed.
260 ## - PUBLICATION, DISTRIBUTION, ETC. (IMPRINT)
Place of publication, distribution, etc. New Jersey
Name of publisher, distributor, etc. Prentice Hall
Date of publication, distribution, etc. 2002
300 ## - PHYSICAL DESCRIPTION
Extent xxxi, 920 p.
Other physical details ill. (some col.), map
Dimensions 24 cm.
504 ## - BIBLIOGRAPHY, ETC. NOTE
Bibliography, etc Includes bibliographies
650 #0 - SUBJECT ADDED ENTRY--TOPICAL TERM
Topical term or geographic name as entry element Engineering economy
942 ## - ADDED ENTRY ELEMENTS (KOHA)
Koha item type General Book
Holdings
Koha item type Withdrawn status Location (home branch) Copy number Not for loan Koha full call number Koha date last borrowed Koha normalized classification for sorting Sublocation or collection (holding branch) Koha date last seen Price effective from Date acquired Damaged status Shelving location Lost status Source of classification or shelving scheme Koha issues (times borrowed) Piece designation (barcode)
General Book Central Library, BUET1 658.15/PAR/2002 658_000000000000000_15PAR2002Central Library, BUET2014-09-162014-09-162014-09-16 Circulation section   102575
General Book Central Library, BUET2 658.15/PAR/2002 658_000000000000000_15PAR2002Central Library, BUET2014-09-162014-09-162014-09-16 Circulation section   102580
General Book Central Library, BUET3 658.15/PAR/20022018-11-12658_000000000000000_15PAR2002Central Library, BUET2019-04-132014-09-162014-09-16 Circulation section  1102574
General Book Central Library, BUET4 658.15/PAR/2002 658_000000000000000_15PAR2002Central Library, BUET2014-09-162014-09-162014-09-16 Circulation section   102579
General Book Central Library, BUET5 658.15/PAR/2002 658_000000000000000_15PAR2002Central Library, BUET2014-09-162014-09-162014-09-16 Circulation section   102581
General Book Central Library, BUET6 658.15/PAR/2002 658_000000000000000_15PAR2002Central Library, BUET2014-09-162014-09-162014-09-16 Circulation section   102576
General Book Central Library, BUET7 658.15/PAR/2002 658_000000000000000_15PAR2002Central Library, BUET2014-09-162014-09-162014-09-16 Circulation section   102578
General Book Central Library, BUET8 658.15/PAR/2002 658_000000000000000_15PAR2002Central Library, BUET2014-09-162014-09-162014-09-16 Circulation section   102577
General Book Central Library, BUET9 658.15/PAR/2002 658_000000000000000_15PAR2002Central Library, BUET2014-09-162014-09-162014-09-16 Circulation section   102573
General Book Central Library, BUET10 658.15/PAR/2002 658_150000000000000_PAR_2002Central Library, BUET2017-04-152017-04-152006-06-26 Circulation section   102582